000 00922nam a2200253Ia 4500
003 OSt
005 20220918111024.0
006 a|||||r|||| 00| 0
007 ta
008 220915b |||||||| |||| 00| 0 hin d
024 _a42033
037 _cReference Collections
040 _aARTS
_cARTS
_bhin
041 _2hin
_ahin
082 _aO15wN5, 152M3(RR)
100 _aउपाध्याय, बलदेव
_91695
245 0 _aकाशी की पाण्डित्य परम्परा
246 _aKāshī kī pāṇḍitya paramparā
260 _aवाराणसी
_bविश्वविद्यालय प्रकाशन भारत
_c1983
300 _a28ए638ए271पृ0
650 _aहिन्दी साहित्य
942 _hO15wN5, 152M3(RR)
_cREF
999 _c116516
_d116516